Κατάλογος Βιβλιοθηκών Mediterranean College

Marketing Management (Record no. 1671)

MARC details
000 -LEADER
fixed length control field 01491cam a22002414a 4500
005 - ΗΜΕΡΟΜΗΝΙΑ ΚΑΙ ΩΡΑ ΤΕΛΕΥΤΑΙΑΣ ΕΝΗΜΕΡΩΣΗΣ
Πεδίο ελέγχου 20250605164015.0
008 - FIXED-LENGTH DATA ELEMENTS--GENERAL INFORMATION
Πεδίο ελέγχου σταθερού μήκους 250528s ||||||||||||||||||||||||d
035 ## - SYSTEM CONTROL NUMBER
System control number 16135
020 ## - ISBN
ISBN 23051620
040 ## - ΠΗΓΗ ΚΑΤΑΛΟΓΟΓΡΑΦΗΣΗΣ
Φορέας πρωτότυπης καταλογογράφησης MC Athens Campus Library
Γλώσσα καταλογογράφησης Ελληνικά, Μοντέρνα (1453-)
Modifying agency MC Athens Campus Library
Κανόνες περιγραφικής καταλογογράφησης AACR2
245 1# - ΤΙΤΛΟΣ ΚΑΙ ΔΗΛΩΣΗ ΥΠΕΥΘΥΝΟΤΗΤΑΣ
Τίτλος Marketing Management
260 ## - PUBLICATION, DISTRIBUTION, ETC.
Name of publisher, distributor, etc. Prentice Hall,
Date of publication, distribution, etc. 1998
300 ## - PHYSICAL DESCRIPTION
Extent 746
505 0# - FORMATTED CONTENTS NOTE
Formatted contents note Preface, Strategic Planning and Marketing Orientation, Understanding the Customer, Organizational Buying Behavior, The Four Ps of Marketing Management, Managing Product Life Cycles, Sales and Sales Management, Distribution Systems from a Producer's Perspective, Distribution Intermediaries, A Return to Strategic and Administrative Issues, Formulating and Implementing the Marketing Plan, Evaluating and Controlling the Marketing Effort, Credits, Index.
520 ## - SUMMARY, ETC.
Summary, etc. Preface, Strategic Planning and Marketing Orientation, Understanding the Customer, Organizational Buying Behavior, The Four Ps of Marketing Management, Managing Product Life Cycles, Sales and Sales Management, Distribution Systems from a Producer's Perspective, Distribution Intermediaries, A Return to Strategic and Administrative Issues, Formulating and Implementing the Marketing Plan, Evaluating and Controlling the Marketing Effort, Credits, Index.
700 1# - ΠΡΟΣΘΕΤΗ ΑΝΑΓΡΑΦΗ--ΦΥΣΙΚΟ ΠΡΟΣΩΠΟ
Personal name Bagozzi P. Richard
9 (RLIN) 2169
700 1# - ΠΡΟΣΘΕΤΗ ΑΝΑΓΡΑΦΗ--ΦΥΣΙΚΟ ΠΡΟΣΩΠΟ
Personal name Celly Sawhney Kirti
9 (RLIN) 2170
700 1# - ΠΡΟΣΘΕΤΗ ΑΝΑΓΡΑΦΗ--ΦΥΣΙΚΟ ΠΡΟΣΩΠΟ
Personal name Coronel Francisco
9 (RLIN) 2171
700 1# - ΠΡΟΣΘΕΤΗ ΑΝΑΓΡΑΦΗ--ΦΥΣΙΚΟ ΠΡΟΣΩΠΟ
Personal name Rosa Antonio Jose
9 (RLIN) 2172
942 ## - ADDED ENTRY ELEMENTS (KOHA)
Koha item type Books
Holdings
Τύπος τεκμηρίου Βιβλιοθήκη Τρέχουσα τοποθεσία Barcode Αριθμός εισαγωγής Ημερομηνία απόκτησης Ταξιθετικό σύμβολο Αριθμός αντιτύπου Κατάσταση απόσυρσης Κατάσταση χαμένου Κατάσταση κατεστραμμένου Μη δανεισμός Σύνολο δανεισμών Ημερομηνία τελευταίας εμφάνισης Η τιμή ισχύει από
Books MC Athens Campus Library MC Athens Campus Library 9780000016706 2764 05/06/2025 658.8 BAG 1           05/06/2025 05/06/2025

MC Athens Campus Library
Πατησίων 94 & Κοδριγκτώνος 13, 104 34
Πελλήνης 8 & Πατησίων 107, 112 51
Τ: +30 210 8899600

MC Thessaloniki Campus Library
Ίωνος Δραγούμη 21, 54625 | Ίωνος Δραγούμη 15, 54625
Τ: +30 2310 287779 – Τ: +30 2314 440300